000
00435nam a2200109Ia 4500
008
221009s9999 xx 000 0 und d
082
_a
800
100
_a
डॉ अशोक प्रभाकर कामत
_9
40637
245
0
_a
महाराष्ट्र के नाथपंथीय कवियो की हिन्दी काव्य
260
_b
जवाहर पुस्तकालय
942
_c
BK
999
_c
64662
_d
64662